| 000 | 00576nam a2200193 a 4500 | ||
|---|---|---|---|
| 005 | 20230623063545.0 | ||
| 008 | 991125s1982 mx 000 0 spa u | ||
| 020 | _a968801009X | ||
| 035 | _aUPN01000004689 | ||
| 049 | _aI | ||
| 050 | 4 |
_aPZ74.9 _bA8 |
|
| 245 | 0 | 0 |
_aAsí cuentan y juegan en la Huasteca / _cpor Esther Jacob ... [et al.]. |
| 260 |
_aMéxico : _bCONAFE, _c1982. |
||
| 300 |
_a126 p. : _bprincipalmente il. |
||
| 650 | 4 |
_aCuentos infantiles mexicanos _97723 |
|
| 650 | 4 |
_aLEYENDAS MEXICANAS _911067 |
|
| 700 | 1 |
_aJacob, Esther, _ecoaut. _928927 |
|
| 905 | _aInfantil | ||
| 999 |
_c4689 _d4689 |
||